Statistics for Logos Up Close #3

Click here to take the quiz!

General Stats

  • This quiz has been taken 312 times
    (234 since last reset)
  • The average score is 7 of 15

Answer Stats

Answer% Correct
Netflix
77%
American Broadcasting Company
73%
Animal Planet
72%
Cable News Network
72%
Home Box Office
72%
Cartoon Network
70%
American Movie Classics
51%
Food Network
38%
Arts and Entertainment
31%
Homes and Garden TV
30%
E!
28%
Syfy
23%
Turner Network Television
20%
Lifetime
14%
Turner Classic Movies
9%

Score Distribution

Percentile by Number Answered

Percent of People with Each Score

Your Score History

You have not taken this quiz since the last reset